00659nam a2200169 a 450000100100000000500170001000800410002704000250006808200150009311000330010824000180014124501050015926000690026430000260033395201130035999900170047200004502920201002045822.0150129s2001 dr 000 0 spa d aDO-SdBNPbspacBNPHU axxxxbxxxx1 aRepública Dominicana.944710a[Leyes, etc.]10aLey No. 87-01 :bsobre el sistema dominicano de Seguridad Social : promulgada el 9 de mayo del 2001. aSanto Domingo :bEdiciones Jurídicas Trajano Potentini,c2001. axiv, 177 p. ;c21 cm. 0010718PDaPDbPDcHDd2015-01-29iLF1l0oxxxx xxxxp45029-10r2020-06-25w2020-06-25yLFPDZNo se presta c44518d44518